<?xml version="1.0" encoding="UTF-8"?>
<marc:record xmlns:marc="http://www.loc.gov/MARC21/slim">
   <marc:leader>00000nam a2200000 a 4500</marc:leader>
   <marc:datafield ind1="1" ind2=" " tag="100">
      <marc:subfield code="a">Clegg, Bill</marc:subfield>
      <marc:subfield code="4">aut</marc:subfield>
      <marc:subfield code="e">Verfasser/-in</marc:subfield>
   </marc:datafield>
   <marc:datafield ind1="1" ind2=" " tag="100">
      <marc:subfield code="a">Krutzsch, Malte</marc:subfield>
      <marc:subfield code="4">trl</marc:subfield>
      <marc:subfield code="e">Übersetzer/-in</marc:subfield>
   </marc:datafield>
   <marc:datafield ind1="1" ind2=" " tag="100">
      <marc:subfield code="a">Clegg, Bill</marc:subfield>
   </marc:datafield>
   <marc:datafield ind1=" " ind2=" " tag="653">
      <marc:subfield code="a">Mann</marc:subfield>
   </marc:datafield>
   <marc:datafield ind1=" " ind2=" " tag="653">
      <marc:subfield code="a">Crack</marc:subfield>
   </marc:datafield>
   <marc:datafield ind1=" " ind2=" " tag="653">
      <marc:subfield code="a">Drogenabhängigkeit</marc:subfield>
   </marc:datafield>
   <marc:datafield ind1=" " ind2=" " tag="653">
      <marc:subfield code="a">Bewältigung</marc:subfield>
   </marc:datafield>
   <marc:datafield ind1=" " ind2=" " tag="653">
      <marc:subfield code="a">Erlebnisbericht</marc:subfield>
   </marc:datafield>
   <marc:datafield ind1="0" ind2="0" tag="245">
      <marc:subfield code="a">Porträt eines Süchtigen als junger Mann</marc:subfield>
   </marc:datafield>
   <marc:datafield ind1="0" ind2="0" tag="245">
      <marc:subfield code="c">Bill Clegg. Aus dem Amerikan. von Malte Krutzsch</marc:subfield>
   </marc:datafield>
   <marc:datafield ind1=" " ind2="1" tag="264">
      <marc:subfield code="a">Frankfurt, M.</marc:subfield>
      <marc:subfield code="b">S. Fischer</marc:subfield>
      <marc:subfield code="c">2011</marc:subfield>
   </marc:datafield>
   <marc:datafield ind1="1" ind2=" " tag="520">
      <marc:subfield code="a">Angaben aus der Verlagsmeldung

Porträt eines Süchtigen als junger Mann Portrait of an Addict as a young man / von Bill Clegg

Bill Clegg hatte alles: eine aufstrebende Literaturagentur - er ist der Entdecker solch renommierter Autoren wie Nicole Krauss und Andrew Sean Greer -, einen wunderbaren Lebensgefährten, Anerkennung und Erfolg. Aber alles, was er wollte, war Crack. Er war gerade dreißig, als er plötzlich nicht mehr in seinem Büro auftaucht, und niemand wusste, wo er ist. Was folgt, ist eine Zeit voller Drogen, Sex und Zerstörung, eine Zeit, in der Clegg 70.000 Dollar dafür ausgibt, sein Leben kaputtzumachen.

Erschütternd brutal und literarisch tiefgründig erzählt Bill Clegg von einem Horrortrip, dem er auf fast unerklärliche Weise doch noch entkommen konnte. Cleggs große Sensibilität, Ernsthaftigkeit und Dezenz machen das Buch zu einem unvergesslichen Zeugnis einer Sucht, die sein Leben verändert hat.
</marc:subfield>
   </marc:datafield>
   <marc:datafield ind1=" " ind2=" " tag="020">
      <marc:subfield code="a">9783100108487</marc:subfield>
      <marc:subfield code="9">9783100108487</marc:subfield>
   </marc:datafield>
   <marc:datafield ind1=" " ind2=" " tag="020">
      <marc:subfield code="a">3100108485</marc:subfield>
      <marc:subfield code="9">3100108485</marc:subfield>
   </marc:datafield>
   <marc:datafield ind1=" " ind2=" " tag="041">
      <marc:subfield code="a">ger</marc:subfield>
   </marc:datafield>
   <marc:datafield ind1=" " ind2=" " tag="300">
      <marc:subfield code="a">270 S.</marc:subfield>
   </marc:datafield>
</marc:record>
